WWE - Name a Valid Answer #9 - Statistics

General Stats
  • This quiz has been taken 130 times
  • The average score is 11 of 15
Answer Stats
Name a wrestler that ... Valid answer(s) % Correct
was a runner-up in the women's Royal Rumble match in the 2020's Charlotte Flair | Liv Morgan | Rhea Ripley | Shayna Baszler
95%
held the Raw Women's Championship five times or more Charlotte Flair | Sasha Banks
94%
has won any version of a WWE Tag Team Championship with Cesaro Sheamus | Shinsuke Nakamura | Tyson Kidd
94%
faced Triple H in a PPV match during 2010 John Cena | Kofi Kingston | Randy Orton | Sheamus | Ted DiBiase
92%
was specifically endorsed by Vince McMahon in an on-screen promo as either the future of the brand/company or his "Chosen One" Austin Theory | Drew McIntyre | Elijah Burke
86%
was the General Manager of Smackdown between 2012 and 2013 Booker T | John Laurinaitis | Theodore Long | Vickie Guerrero
81%
won the ECW Championship in 2006 The Big Show | Bobby Lashley | Rob Van Dam
80%
was a member of The Social Outcasts Adam Rose | Bo Dallas | Curtis Axel | Heath Slater
73%
Rusev defeated to win any championship from Kalisto | Sheamus | Shinsuke Nakamura
70%
won a Royal Rumble match and a Money in the Bank ladder match in the same year Alberto Del Rio
64%
won the WCW United States Championship while it was defended in WWE in 2001 Chris Kanyon | Edge | Kurt Angle | Rhyno | Tajiri
56%
won a Money in the Bank ladder match twice in the same year Carmella
53%
won the Intercontinental Championship in 1990 Mr. Perfect | The Texas Tornado
50%
won a title at the first Night of Champions PPV in 2008 Cody Rhodes | Kofi Kingston | Mark Henry | Ted DiBiase
42%
won any Tag Team Championship despite being outnumbered in a Handicap match Bobby Roode | Bradshaw | Bubba Ray Dudley | Chad Gable | D-Von Dudley | Faarooq
25%
No matching quizzes found
Score Distribution
Percent of People with Each Score
Percentile by Number Answered
Your Score History
You have not taken this quiz